Renamed Disney Movies - Statistics

General Stats
  • This quiz has been taken 70 times
  • The average score is 12 of 17
Answer Stats
Hint Answer % Correct
Seven Little Men Help a Girl Snow White and the Seven Dwarfs
98%
The Wonderful Elephant Who Could Really Fly Dumbo
94%
The Wooden Boy Who Became Real Pinocchio
94%
The Little Deer Who Grew Up Bambi
91%
The Girl with the See-Through Shoes Cinderella
89%
Two Dogs Fall in Love Lady and the Tramp
81%
Puppies Taken Away One Hundred and One Dalmatians
79%
The Amazing Flying Children Peter Pan
79%
A Boy, a Bear and a Big Black Cat The Jungle Book
70%
The Girl in the Imaginary World Alice in Wonderland
68%
Robin Hood with Animals Robin Hood
68%
A Fox and a Hound are Friends The Fox and the Hound
68%
The Girl Who Seemed to Die Sleeping Beauty
62%
Color and Music Fantasia
53%
Two Mice Save a Girl The Rescuers
49%
The Boy Who Would be King The Sword in the Stone
28%
The Evil Bonehead The Black Cauldron
17%
No matching quizzes found
Score Distribution
Percent of People with Each Score
Percentile by Number Answered
Your Score History
You have not taken this quiz